[Event "XIX Weekend B"]
[Site "Ceriano Laghetto ITA"]
[Date "2010.03.??"]
[Round "4"]
[White "Lamera, Giuseppe"]
[Black "Veronelli, Franco"]
[Result "0-1"]
[WhiteElo "1432"]
[BlackElo "1819"]
[PlyCount "130"]
[EventDate "2010.03.26"]

1. e4 e5 2. Nf3 Nf6 3. d3 Nc6 4. Be2 h6 5. O-O Bc5 6. Nc3 d6 7. a3 a6 8. Bd2
O-O 9. Qc1 Nh7 10. Nd5 Be6 11. c3 Bxd5 12. exd5 Ne7 13. c4 b5 14. Be3 Bxe3 15.
fxe3 Qb8 16. e4 Nf6 17. c5 Nd7 18. b4 a5 19. c6 Nf6 20. h3 Ng6 21. g3 Qb6+ 22.
Kg2 axb4 23. axb4 Ra4 24. Qd2 Rfa8 25. Rab1 Ra2 26. Rb2 Qa7 27. Rfb1 Kf8 28.
Ng1 Ne7 29. Bf3 Rxb2 30. Rxb2 Qd4 31. Ne2 Qa7 32. Nc3 Qb6 33. Ra2 Rxa2 34. Qxa2
Qe3 35. Qe2 Qb6 36. Qd2 Nc8 37. Ne2 Qa6 38. d4 Ke7 39. Qc3 Ne8 40. dxe5 f6 41.
e6 Nb6 42. Nd4 g6 43. Nb3 Qa2+ 44. Nd2 Nc4 45. Bd1 Nxd2 46. Qc2 Qxc2 47. Bxc2
Nc4 48. Kf2 Ng7 49. Ke2 f5 50. Kd3 fxe4+ 51. Kxe4 g5 52. Kd4 Nf5+ 53. Bxf5 Kf6
54. g4 Nd2 55. Kc3 Nf3 56. Bd3 Ng1 57. Bf1 Ke7 58. Kd2 Nf3+ 59. Kc2 Kf6 60.
Bxb5 Nd4+ 61. Kc3 Nxb5+ 62. Kc4 Na3+ 63. Kb3 Nb5 64. Ka4 Nc3+ 65. Ka5 Nxd5 0-1

[Event "XIX Weekend B"]
[Site "Ceriano Laghetto ITA"]
[Date "2010.03.??"]
[Round "4"]
[White "Lanni, Vincenzo"]
[Black "Regorda, Vittorio"]
[Result "1/2-1/2"]
[WhiteElo "1818"]
[BlackElo "1865"]
[PlyCount "72"]
[EventDate "2010.03.26"]

1. d4 d5 2. g3 Nf6 3. Bg2 e6 4. Nf3 c5 5. c3 Nc6 6. O-O cxd4 7. cxd4 Be7 8. Nc3
O-O 9. Bg5 Rb8 10. Re1 b5 11. a3 b4 12. axb4 Rxb4 13. Qc2 Nxd4 14. Nxd4 Rxd4
15. Rxa7 Rc4 16. e3 h6 17. Bxf6 Bxf6 18. Qb3 Rc7 19. Rea1 Qe7 20. Qb4 Rb7 21.
Rxb7 Qxb7 22. Qxb7 Bxb7 23. Nd1 Rb8 24. Bf1 Bc6 25. Ra2 Ra8 26. Rxa8+ Bxa8 27.
Bb5 Kf8 28. Kf1 Ke7 29. Ke2 Be5 30. Kd3 f6 31. f4 Bc7 32. Nc3 e5 33. fxe5 fxe5
34. Ba6 Bb6 35. Ne2 e4+ 36. Kd2 Bc7 1/2-1/2

[Event "XIX Weekend B"]
[Site "Ceriano Laghetto ITA"]
[Date "2010.03.??"]
[Round "4"]
[White "Mansueti, Marco"]
[Black "Ferraris, Fulvio"]
[Result "1/2-1/2"]
[WhiteElo "1860"]
[BlackElo "1726"]
[PlyCount "57"]
[EventDate "2010.03.26"]

1. e4 e6 2. d4 d5 3. exd5 exd5 4. Nf3 Nf6 5. Be2 h6 6. O-O Bd6 7. Re1 O-O 8.
Nc3 c6 9. h3 Be6 10. Ne5 Nbd7 11. Bf4 Qc7 12. Nxd7 Qxd7 13. Qd2 Bxf4 14. Qxf4
Rfe8 15. Bd3 Rad8 16. Re5 Qd6 17. Qg3 Qb4 18. Ne2 Qxb2 19. Re1 Qb4 20. Nf4 Qxd4
21. Nxe6 fxe6 22. Rxe6 Rxe6 23. Rxe6 Rf8 24. c3 Qc5 25. Kh2 Ne4 26. Bxe4 dxe4
27. Rxe4 Qxf2 28. Qc7 Qxa2 29. Qxb7 1/2-1/2

[Event "XIX Weekend B"]
[Site "Ceriano Laghetto ITA"]
[Date "2010.03.??"]
[Round "4"]
[White "Marchesotti, Giovanni"]
[Black "Guglielmetti, Oscar"]
[Result "0-1"]
[WhiteElo "1619"]
[BlackElo "1772"]
[PlyCount "58"]
[EventDate "2010.03.26"]

1. c4 g6 2. g3 Bg7 3. Bg2 d6 4. Nc3 Nf6 5. Nf3 Nc6 6. O-O O-O 7. d4 e5 8. d5
Ne7 9. e4 Ne8 10. Be3 h6 11. Qd2 Kh7 12. Ne1 f5 13. f3 Nf6 14. h3 Nh5 15. g4
Ng3 16. exf5 Nxf1 17. fxg6+ Nxg6 18. Bxf1 Nf4 19. Bxf4 exf4 20. Bd3+ Kg8 21.
Ng2 Bd4+ 22. Kh2 Qf6 23. Ne2 Bxb2 24. Rb1 Be5 25. Bc2 Rf7 26. Nc1 h5 27. gxh5
Qg5 28. Ne2 Qxh5 29. Ngxf4 Qxh3+ 0-1

[Event "XIX Weekend B"]
[Site "Ceriano Laghetto ITA"]
[Date "2010.03.??"]
[Round "4"]
[White "Martelli, Tommaso"]
[Black "Galimberti, Maurizio"]
[Result "1-0"]
[WhiteElo "1875"]
[BlackElo "1716"]
[PlyCount "55"]
[EventDate "2010.03.26"]

1. e4 e6 2. d4 c5 3. Nf3 cxd4 4. Nxd4 Nf6 5. e5 Qa5+ 6. Nc3 Qxe5+ 7. Be2 Bb4 8.
O-O Bxc3 9. bxc3 a6 10. Ba3 Qc7 11. c4 Ne4 12. Bd3 Nc5 13. Nb3 d6 14. Nxc5 dxc5
15. Qh5 h6 16. Bxc5 Nc6 17. Qg4 Qe5 18. Ba3 h5 19. Qd1 h4 20. Re1 Qf6 21. Be4
Bd7 22. Rb1 Rb8 23. Bd6 Qd8 24. Qg4 Ne7 25. Bxb8 Qxb8 26. Rxb7 Qe5 27. Qd1 Bc8
28. Bc6+ 1-0

[Event "XIX Weekend B"]
[Site "Ceriano Laghetto ITA"]
[Date "2010.03.??"]
[Round "4"]
[White "Nardone, Massimo"]
[Black "Scali, Fausto"]
[Result "1/2-1/2"]
[WhiteElo "1925"]
[BlackElo "1999"]
[PlyCount "80"]
[EventDate "2010.03.26"]

1. d4 d5 2. Nf3 Nf6 3. e3 Bf5 4. Bd3 Bxd3 5. Qxd3 c6 6. O-O e6 7. Nbd2 Be7 8.
Ne5 O-O 9. f4 Nbd7 10. b3 Nxe5 11. fxe5 Nd7 12. Qe2 f5 13. exf6 Nxf6 14. Bb2
Qe8 15. e4 Qh5 16. Qxh5 Nxh5 17. exd5 exd5 18. Rxf8+ Rxf8 19. Nf3 Nf6 20. Nd2
Bd6 21. Nf3 Re8 22. Re1 Rxe1+ 23. Nxe1 Ne4 24. Nd3 Kf7 25. g3 g5 26. Kg2 g4 27.
Bc1 b5 28. Nf2 Nxf2 29. Kxf2 Ke6 30. Bh6 Kf5 31. Ke3 Ba3 32. Bg7 h5 33. Be5
Bc1+ 34. Kd3 Bg5 35. Bb8 a6 36. Bc7 h4 37. Bd6 hxg3 38. hxg3 Bd8 39. c3 Bg5 40.
Bc7 Be7 1/2-1/2

[Event "XIX Weekend B"]
[Site "Ceriano Laghetto ITA"]
[Date "2010.03.??"]
[Round "4"]
[White "Rossi, Giampiero"]
[Black "Moroni, Luca jr"]
[Result "1-0"]
[WhiteElo "1914"]
[BlackElo "1640"]
[PlyCount "67"]
[EventDate "2010.03.26"]

1. d4 d5 2. c4 e6 3. Nc3 Nf6 4. cxd5 exd5 5. Bg5 Be7 6. e3 Bf5 7. Bxf6 Bxf6 8.
Qb3 Bc8 9. Qxd5 Nc6 10. Qxd8+ Kxd8 11. Nf3 Re8 12. Be2 Bg4 13. O-O h5 14. h3
Bf5 15. Bc4 Bg6 16. Nd5 Be4 17. Nxf6 gxf6 18. Nd2 Bg6 19. Bb5 Rg8 20. Bxc6 bxc6
21. Rfc1 Kd7 22. Rc3 Bf5 23. e4 Be6 24. Rac1 Rg7 25. d5 cxd5 26. Rxc7+ Kd8 27.
Kh2 Rg6 28. b3 a5 29. f3 a4 30. exd5 Bxd5 31. R7c5 Be6 32. Rxh5 axb3 33. Rh8+
Kd7 34. Rxa8 1-0

[Event "XIX Weekend B"]
[Site "Ceriano Laghetto ITA"]
[Date "2010.03.??"]
[Round "4"]
[White "Veri', Giustino"]
[Black "Colombo, Luca"]
[Result "0-1"]
[WhiteElo "1646"]
[BlackElo "1904"]
[PlyCount "94"]
[EventDate "2010.03.26"]

1. d4 Nf6 2. Nf3 g6 3. c4 Bg7 4. Nc3 O-O 5. Bg5 d6 6. g3 h6 7. Bxf6 Bxf6 8. Bg2
Nd7 9. O-O c5 10. d5 Ne5 11. Nxe5 Bxe5 12. Qd2 Bg7 13. e4 Bd7 14. Rab1 a5 15.
a4 Qc8 16. Rfe1 Qc7 17. Nb5 Bxb5 18. cxb5 b6 19. Rbc1 Qd7 20. b3 h5 21. Rc4 Kh7
22. Qe2 e6 23. Rd1 exd5 24. Rxd5 Rfe8 25. Qf1 Qe7 26. Qd3 Rad8 27. Bf3 Kg8 28.
Rc1 Qc7 29. Rd1 Bd4 30. Rg5 Re5 31. Rxe5 dxe5 32. Kg2 Qe7 33. Be2 Qf6 34. Qf3
Qe7 35. Bc4 Rd6 36. Qd3 Qf6 37. f3 Kg7 38. Bd5 Qg5 39. h4 Qe7 40. Rf1 g5 41.
hxg5 Qxg5 42. f4 Qg6 43. fxe5 Rxd5 44. Rf6 Qh7 45. Rf5 Rxe5 46. Rf4 Qg6 47. Qf3
Rg5 0-1

[Event "XIX Weekend B"]
[Site "Ceriano Laghetto ITA"]
[Date "2010.03.??"]
[Round "5"]
[White "Biava, Pierluigi"]
[Black "Raineri, Pieroberto"]
[Result "1-0"]
[WhiteElo "1792"]
[BlackElo "1685"]
[PlyCount "67"]
[EventDate "2010.03.26"]

1. e4 c5 2. Nf3 Nc6 3. Bb5 g6 4. O-O Bg7 5. Re1 Ne5 6. c3 a6 7. Nxe5 axb5 8. d4
d6 9. Nf3 c4 10. h3 Bd7 11. d5 Nf6 12. Nd4 Qc8 13. Na3 Bxh3 14. gxh3 Qxh3 15.
Qf3 Qd7 16. Naxb5 Ng4 17. Bf4 g5 18. Bg3 h5 19. Qf5 h4 20. Qxd7+ Kxd7 21. Bh2
Nxh2 22. Kxh2 Be5+ 23. Kh1 g4 24. Nf5 Rag8 25. Rg1 g3 26. Na3 e6 27. dxe6+ fxe6
28. Nd4 Rf8 29. Nxc4 gxf2 30. Nxe5+ dxe5 31. Rg7+ Kd6 32. Rf1 exd4 33. cxd4 h3
34. Rxb7 1-0

[Event "XIX Weekend B"]
[Site "Ceriano Laghetto ITA"]
[Date "2010.03.??"]
[Round "5"]
[White "Cardani, Roberto"]
[Black "Nardone, Massimo"]
[Result "1-0"]
[WhiteElo "1995"]
[BlackElo "1925"]
[PlyCount "80"]
[EventDate "2010.03.26"]

1. e4 d5 2. exd5 Qxd5 3. Nc3 Qa5 4. d4 c6 5. Nf3 Bf5 6. Bc4 e6 7. Bd2 Nd7 8.
Qe2 Ngf6 9. O-O-O Qc7 10. Rhe1 O-O-O 11. Bb3 h6 12. Ne5 Nxe5 13. dxe5 Nd5 14.
g4 Nxc3 15. Bxc3 Rxd1+ 16. Rxd1 Bg6 17. f4 b6 18. Rf1 Be7 19. f5 exf5 20. gxf5
Bh7 21. Kb1 Bc5 22. a4 Rd8 23. Qg4 f6 24. exf6 gxf6 25. Bxf6 Rd2 26. Bg7 Kb7
27. h4 Qd7 28. Bxh6 Rd4 29. Qg7 Qxg7 30. Bxg7 Rxh4 31. f6 Bg6 32. f7 Rh2 33.
f8=Q Bxf8 34. Bxf8 c5 35. Rf4 Rh1+ 36. Ka2 Rh2 37. Bd5+ Ka6 38. c4 Bc2 39. Bc6
Bd3 40. Bg7 Rh1 1-0

[Event "XIX Weekend B"]
[Site "Ceriano Laghetto ITA"]
[Date "2010.03.??"]
[Round "5"]
[White "Colombo, Luca"]
[Black "Adami, Antonio"]
[Result "1-0"]
[WhiteElo "1904"]
[BlackElo "1675"]
[PlyCount "90"]
[EventDate "2010.03.26"]

1. e4 c5 2. Nc3 d6 3. g3 e5 4. Bg2 Ne7 5. d3 g6 6. Be3 Bg7 7. Qd2 Nbc6 8. Bh6
O-O 9. Bxg7 Kxg7 10. Nge2 Nd4 11. O-O Nxe2+ 12. Nxe2 Rb8 13. f4 exf4 14. Qxf4
f5 15. e5 d5 16. d4 c4 17. c3 Nc6 18. Qe3 Be6 19. Nf4 Re8 20. Qf3 b5 21. Nxe6+
Rxe6 22. Qxd5 Qe8 23. Qf3 Ne7 24. Qf4 Rd8 25. Rad1 Nd5 26. Bxd5 Rxd5 27. Rd2 h5
28. Qg5 Rexe5 29. dxe5 Rxe5 30. Qd8 Qxd8 31. Rxd8 Re2 32. Rf2 Re7 33. Kf1 Kh6
34. Re2 Rc7 35. h4 Rc6 36. Re7 g5 37. Rde8 Rc5 38. Re6+ Kg7 39. hxg5 f4 40.
gxf4 Rf5 41. R8e7+ Kg8 42. Re4 h4 43. Kg2 Rd5 44. Kf3 Rd2 45. Re2 Rd1 1-0

[Event "XIX Weekend B"]
[Site "Ceriano Laghetto ITA"]
[Date "2010.03.??"]
[Round "5"]
[White "Galimberti, Maurizio"]
[Black "Giovarruscio, Gabriele"]
[Result "1-0"]
[WhiteElo "1716"]
[BlackElo "1703"]
[PlyCount "74"]
[EventDate "2010.03.26"]

1. f4 Nf6 2. Nf3 e6 3. g3 b6 4. Bg2 Bb7 5. d3 d5 6. c3 Be7 7. d4 O-O 8. O-O
Nbd7 9. Ne5 c5 10. e3 Rc8 11. Nd2 Qc7 12. Ndf3 h6 13. Qe2 Ne4 14. Nxd7 Qxd7 15.
Ne5 Qc7 16. Bh3 f5 17. g4 Bc6 18. Bd2 Be8 19. Be1 cxd4 20. cxd4 Bd6 21. gxf5
exf5 22. Kh1 Kh7 23. Qg2 g6 24. Rg1 Bxe5 25. fxe5 Qf7 26. Rf1 Qe6 27. Bd2 Bc6
28. Qe2 b5 29. Qd3 Nxd2 30. Qxd2 a5 31. a3 a4 32. Qd3 Rc7 33. Rf3 Re7 34. Raf1
Kh8 35. Qd2 Rh7 36. Qd3 Qe7 37. Rf4 Qe6 1-0

[Event "XIX Weekend B"]
[Site "Ceriano Laghetto ITA"]
[Date "2010.03.??"]
[Round "5"]
[White "Giannotti, Salvatore"]
[Black "Donghi, Fabio"]
[Result "1-0"]
[WhiteElo "1805"]
[BlackElo "1600"]
[PlyCount "119"]
[EventDate "2010.03.26"]

1. d4 Nf6 2. Nf3 d5 3. e3 c6 4. c4 Bg4 5. h3 Bh5 6. Qb3 Qb6 7. c5 Qxb3 8. axb3
e6 9. b4 Be7 10. Be2 O-O 11. b5 cxb5 12. Bxb5 Ne4 13. Nfd2 f5 14. Nxe4 fxe4 15.
b4 a6 16. Nc3 Nc6 17. Bxc6 bxc6 18. Bd2 Rfb8 19. O-O Bd8 20. Rfb1 Be8 21. Ne2
Bc7 22. Nc1 Kf7 23. Rb3 Ra7 24. Rba3 Rba8 25. Nb3 Ke7 26. Kf1 g6 27. Ke2 Kf6
28. Bc3 g5 29. g4 Bd7 30. Rf1 h6 31. f3 exf3+ 32. Rxf3+ Ke7 33. Ra1 Rf8 34.
Raf1 Rxf3 35. Rxf3 Ra8 36. Kf2 Rf8 37. Rxf8 Kxf8 38. Kg2 Kg7 39. Be1 Kg6 40.
Bg3 Bd8 41. Be5 h5 42. Kg3 hxg4 43. hxg4 Be8 44. Kf3 Bd7 45. Bb8 Bc8 46. e4 Bd7
47. e5 Bc8 48. Ke3 Kf7 49. Kd2 Ke8 50. Kc2 Bd7 51. Kb2 Kf7 52. Ka3 Ke8 53. Ka4
Bc8 54. Na5 Kd7 55. Bd6 Bxa5 56. Kxa5 Kd8 57. Kb6 Kd7 58. Bf8 Ke8 59. Kc7 Bd7
60. Bd6 1-0

[Event "XIX Weekend B"]
[Site "Ceriano Laghetto ITA"]
[Date "2010.03.??"]
[Round "5"]
[White "Guglielmetti, Oscar"]
[Black "Clerici, Samuele"]
[Result "1-0"]
[WhiteElo "1772"]
[BlackElo "1782"]
[PlyCount "81"]
[EventDate "2010.03.26"]

1. Nf3 Nf6 2. g3 g6 3. Bg2 Bg7 4. d3 O-O 5. Nc3 Nc6 6. O-O d6 7. e4 Nd7 8. Nh4
Nde5 9. h3 Nd4 10. f4 Nec6 11. Ne2 f5 12. c3 Nxe2+ 13. Qxe2 fxe4 14. dxe4 e6
15. Be3 Ne7 16. Rad1 Bd7 17. Qc2 Bh6 18. Bc1 Bg7 19. Qb3 Qc8 20. f5 gxf5 21.
Nxf5 Nxf5 22. Rxf5 Rxf5 23. exf5 Bc6 24. fxe6 Kh8 25. Bd5 Qe8 26. Re1 Qg6 27.
c4 Bd4+ 28. Kg2 Rf8 29. Be3 Qf6 30. Bxd4 Qxd4 31. Re2 Qf6 32. Qc3 Qxc3 33. bxc3
Re8 34. Kh2 Kg7 35. Rf2 Re7 36. g4 Bxd5 37. cxd5 c6 38. c4 b5 39. dxc6 Rxe6 40.
cxb5 Re7 41. Rd2 1-0

[Event "XIX Weekend B"]
[Site "Ceriano Laghetto ITA"]
[Date "2010.03.??"]
[Round "5"]
[White "Marchesotti, Giovanni"]
[Black "Lamera, Giuseppe"]
[Result "1/2-1/2"]
[WhiteElo "1619"]
[BlackElo "1432"]
[PlyCount "60"]
[EventDate "2010.03.26"]

1. c4 d6 2. Nc3 Nf6 3. Nf3 c6 4. g3 g6 5. Bg2 Bg7 6. O-O O-O 7. e4 e5 8. d4
Nbd7 9. dxe5 Nxe5 10. Nxe5 dxe5 11. Be3 Qc7 12. Qc2 b6 13. h3 Ba6 14. Ne2 Rfd8
15. Rfd1 Ne8 16. b3 b5 17. cxb5 cxb5 18. Qxc7 Nxc7 19. Nc3 Ne6 20. Rxd8+ Rxd8
21. Rd1 Nd4 22. Nd5 Kf8 23. Kh1 Rc8 24. Rc1 Bb7 25. Rxc8+ Bxc8 26. Bf1 a6 27.
Kg2 Bb7 28. f3 f6 29. Bd3 Kf7 30. Bc1 Bf8 1/2-1/2

[Event "XIX Weekend B"]
[Site "Ceriano Laghetto ITA"]
[Date "2010.03.??"]
[Round "5"]
[White "Moroni, Luca jr"]
[Black "Martelli, Tommaso"]
[Result "1/2-1/2"]
[WhiteElo "1640"]
[BlackElo "1875"]
[PlyCount "109"]
[EventDate "2010.03.26"]

1. e4 e5 2. Nf3 Nc6 3. Bc4 Nf6 4. d3 d5 5. exd5 Nxd5 6. Bxd5 Qxd5 7. Nc3 Bb4 8.
Bd2 Bxc3 9. Bxc3 Bg4 10. h3 Bh5 11. Qe2 O-O-O 12. Qe4 Qe6 13. b3 f5 14. Qe3
Bxf3 15. Qxf3 e4 16. dxe4 Nd4 17. Bxd4 Rxd4 18. O-O Rxe4 19. Rad1 Re8 20. Qd3
g5 21. Qd5 Re2 22. Qxe6+ R8xe6 23. Rd5 Rxc2 24. Rxf5 h6 25. Rd1 c6 26. Rf7 Rxa2
27. Rdd7 b5 28. Rxa7 Rxa7 29. Rxa7 Re1+ 30. Kh2 Rb1 31. Rh7 Rxb3 32. Rxh6 Kd7
33. Rg6 c5 34. Rxg5 c4 35. h4 c3 36. h5 Rb4 37. Rc5 Rc4 38. Rxc4 bxc4 39. h6 c2
40. h7 c1=Q 41. h8=Q c3 42. Qd4+ Ke6 43. Qe4+ Kf6 44. Qf3+ Ke5 45. Qh5+ Kd4 46.
Qg4+ Kd3 47. Qf3+ Kc2 48. Qe4+ Kb2 49. Qb4+ Ka1 50. Qa4+ Kb1 51. Qb3+ Qb2 52.
Qd1+ Ka2 53. Qa4+ Qa3 54. Qc2+ Ka1 55. g3 1/2-1/2

[Event "XIX Weekend B"]
[Site "Ceriano Laghetto ITA"]
[Date "2010.03.??"]
[Round "5"]
[White "Origgio, Stefano"]
[Black "Mansueti, Marco"]
[Result "0-1"]
[WhiteElo "1668"]
[BlackElo "1860"]
[PlyCount "95"]
[EventDate "2010.03.26"]

1. d4 d5 2. c4 Nf6 3. Nc3 e6 4. Bg5 Be7 5. Nf3 Nbd7 6. e3 O-O 7. Rc1 c6 8. Bd3
dxc4 9. Bxc4 Nd5 10. Bxe7 Qxe7 11. O-O N7f6 12. Bd3 Bd7 13. Ne5 Rfd8 14. e4
Nxc3 15. bxc3 Be8 16. Rb1 c5 17. Bc2 cxd4 18. cxd4 Rac8 19. Nf3 Qc7 20. Rc1 Qf4
21. Qd3 a6 22. Qe3 Qxe3 23. fxe3 Ng4 24. Bb3 Nxe3 25. Rfe1 Ng4 26. h3 Nf6 27.
Rcd1 h6 28. d5 exd5 29. exd5 Rd6 30. Rd4 Kf8 31. Red1 Bd7 32. Ne5 Bb5 33. a4
Nd7 34. axb5 Nxe5 35. bxa6 bxa6 36. Ra1 Rc3 37. Ba4 Rxh3 38. Rc1 Rh5 39. Rc8+
Ke7 40. Re8+ Kf6 41. Bd1 Rg5 42. g4 g6 43. Kh2 Nd7 44. Kh3 Rgxd5 45. Rxd5 Rxd5
46. Ba4 Ne5 47. Ra8 a5 48. Ra7 0-1

[Event "XIX Weekend B"]
[Site "Ceriano Laghetto ITA"]
[Date "2010.03.??"]
[Round "5"]
[White "Palminteri, Vincenzo"]
[Black "Guzzetti, Luigi Enrico"]
[Result "1-0"]
[WhiteElo "1872"]
[BlackElo "1879"]
[PlyCount "99"]
[EventDate "2010.03.26"]

1. e4 c5 2. c3 e6 3. d4 d5 4. e5 Nc6 5. Nf3 Qb6 6. Be2 Bd7 7. O-O cxd4 8. cxd4
Nge7 9. Nc3 Nf5 10. Na4 Qc7 11. a3 Be7 12. Be3 O-O 13. Rc1 Qa5 14. b4 Nxb4 15.
axb4 Bxa4 16. bxa5 Bxd1 17. Rfxd1 Ba3 18. Rc7 b6 19. a6 Rfc8 20. Rxc8+ Rxc8 21.
Bd2 h6 22. Rb1 g5 23. g4 Ne7 24. Rb3 Bc1 25. Rc3 Rxc3 26. Bxc3 Ba3 27. Ne1 Ng6
28. Nd3 Nf4 29. Nxf4 gxf4 30. Kg2 Kg7 31. Kf3 Bc1 32. h4 f6 33. Bb5 Kf7 34. Ke2
Ba3 35. Bd2 Bb2 36. Kd3 fxe5 37. Bc3 e4+ 38. Kc2 Ba3 39. Bb2 Bd6 40. Kb3 e5 41.
Bc3 exd4 42. Bxd4 Bc7 43. Kc3 Ke6 44. h5 Bd8 45. Kd2 Kd6 46. g5 Bxg5 47. Bxb6
e3+ 48. fxe3 fxe3+ 49. Ke2 Ke5 50. Bxa7 1-0

[Event "XIX Weekend B"]
[Site "Ceriano Laghetto ITA"]
[Date "2010.03.??"]
[Round "5"]
[White "Regorda, Vittorio"]
[Black "Carbone, Lorenzo"]
[Result "1-0"]
[WhiteElo "1865"]
[BlackElo "1743"]
[PlyCount "117"]
[EventDate "2010.03.26"]

1. d4 d5 2. Nf3 Nf6 3. c4 e6 4. g3 b6 5. Bg2 Bb7 6. O-O Be7 7. Qc2 Nbd7 8. Nbd2
O-O 9. Re1 c5 10. Ng5 cxd4 11. cxd5 exd5 12. Qd3 h6 13. Nh3 Bc5 14. Nf3 a5 15.
Nxd4 Ba6 16. Qd1 Rc8 17. Nb3 Bb4 18. Bd2 Bd6 19. Bf4 Bb4 20. Bd2 Bd6 21. a3 Nc5
22. Nd4 Nce4 23. Bf4 Bc5 24. f3 Nd6 25. Be3 Re8 26. Bf2 Nc4 27. b4 Bxd4 28.
Qxd4 Qe7 29. Nf4 Ne3 30. Bxe3 Qxe3+ 31. Qxe3 Rxe3 32. Bf1 Rcc3 33. Ng2 Re7 34.
Reb1 Rc2 35. b5 Bc8 36. Rc1 Rec7 37. Rxc2 Rxc2 38. a4 Rc3 39. Nf4 Be6 40. Nd3
Nd7 41. g4 d4 42. h3 Bc4 43. Rd1 Bxd3 44. exd3 Ra3 45. f4 Rxa4 46. Bg2 Nc5 47.
Bc6 Ra3 48. Re1 Rxd3 49. Re8+ Kh7 50. Re7 Rxh3 51. Kg2 Rc3 52. Rxf7 d3 53. Kf2
d2 54. Ke2 Rd3 55. Kd1 Rg3 56. Kxd2 Rxg4 57. f5 Rg5 58. Ke3 a4 59. Kf4 1-0

[Event "XIX Weekend B"]
[Site "Ceriano Laghetto ITA"]
[Date "2010.03.??"]
[Round "5"]
[White "Scali, Fausto"]
[Black "Rossi, Giampiero"]
[Result "1-0"]
[WhiteElo "1999"]
[BlackElo "1914"]
[PlyCount "38"]
[EventDate "2010.03.26"]

1. e4 c5 2. Nf3 e6 3. d4 cxd4 4. Nxd4 Be7 5. Nc3 Qc7 6. Be2 Nf6 7. O-O d6 8. a4
a6 9. a5 Bd7 10. f4 Nc6 11. Nb3 O-O 12. g4 Rfc8 13. g5 Ne8 14. Be3 Bd8 15. Na4
Qb8 16. Nb6 Bxb6 17. axb6 Ne7 18. Bd3 Bc6 19. Qg4 g6 1-0

[Event "XIX Weekend B"]
[Site "Ceriano Laghetto ITA"]
[Date "2010.03.??"]
[Round "5"]
[White "Schingaro, Angelo"]
[Black "Campesato, Adriano"]
[Result "1-0"]
[WhiteElo "1700"]
[BlackElo "1706"]
[PlyCount "111"]
[EventDate "2010.03.26"]

1. e4 g6 2. d4 Bg7 3. Nc3 d6 4. Nf3 Nd7 5. Be3 e5 6. Bc4 Nb6 7. Be2 Qe7 8. dxe5
dxe5 9. Qd2 Nf6 10. Rd1 O-O 11. O-O Re8 12. h3 Bd7 13. Bd3 Bc6 14. Rfe1 Rad8
15. Qc1 a6 16. Bg5 Qe6 17. b3 Kh8 18. a4 Nbd7 19. Bc4 Qe7 20. Bd5 Bxd5 21. Nxd5
Qc5 22. Qb2 c6 23. Nxf6 Bxf6 24. Rxd7 Rxd7 25. Bxf6+ Kg8 26. Bxe5 Qe7 27. Bf4
Qf8 28. Qc3 Red8 29. Bg5 Re8 30. Bf6 h6 31. e5 Rd5 32. Re4 Re6 33. Qe3 Kh7 34.
Rh4 Rxf6 35. exf6 h5 36. Re4 Rd1+ 37. Kh2 Qd6+ 38. g3 Qxf6 39. Ng5+ Kg7 40.
Nxf7 Kg8 41. Ne5 Rd5 42. Qf4 Qg7 43. h4 Rd8 44. Qg5 Rd6 45. Nxc6 Qf7 46. Ne7+
Kh7 47. Rf4 Qe6 48. Qxg6+ Qxg6 49. Nxg6 Kxg6 50. Kg2 Rd2 51. Rc4 Rd5 52. Rc7 b5
53. Rc6+ Kf5 54. Rh6 Ke4 55. Rxa6 Kd4 56. Ra5 1-0

[Event "XIX Weekend B"]
[Site "Ceriano Laghetto ITA"]
[Date "2010.03.??"]
[Round "5"]
[White "Veri', Giustino"]
[Black "Cervini, Gian Piero"]
[Result "0-1"]
[WhiteElo "1646"]
[BlackElo "1788"]
[PlyCount "72"]
[EventDate "2010.03.26"]

1. d4 Nf6 2. Nf3 g6 3. c4 Bg7 4. Nc3 d6 5. e4 O-O 6. Be2 e5 7. O-O Nc6 8. d5
Ne7 9. Be3 Ng4 10. Bd2 f5 11. Ng5 Nf6 12. Qb3 Rb8 13. c5 fxe4 14. cxd6 cxd6 15.
Ngxe4 Nxe4 16. Nxe4 Nf5 17. Qa3 Nd4 18. Bd3 Bf5 19. Rfe1 Bxe4 20. Bxe4 Qf6 21.
Qg3 Rbc8 22. Be3 Nc2 23. Bxc2 Rxc2 24. Bxa7 Rxb2 25. Rec1 Qf7 26. Rd1 b6 27.
Bxb6 Rxb6 28. Rac1 Rb2 29. f3 Bh6 30. Rc6 Be3+ 31. Kh1 Bc5 32. Ra6 Qb7 33. Ra4
Qb5 34. Re4 Rb1 35. Rde1 Qf1+ 36. Rxf1 Rxf1# 0-1

[Event "XIX Weekend B"]
[Site "Ceriano Laghetto ITA"]
[Date "2010.03.??"]
[Round "5"]
[White "Veronelli, Franco"]
[Black "Zampar, Andrea"]
[Result "0-1"]
[WhiteElo "1819"]
[BlackElo "1658"]
[PlyCount "74"]
[EventDate "2010.03.26"]

1. e4 c5 2. Nf3 Nc6 3. c3 e5 4. d4 cxd4 5. cxd4 exd4 6. Nxd4 Bb4+ 7. Bd2 Qe7 8.
Nxc6 bxc6 9. Bxb4 Qxb4+ 10. Nc3 Qxb2 11. Rc1 Qa3 12. Bc4 Ne7 13. O-O O-O 14. e5
Kh8 15. Ne4 Nf5 16. Qh5 g6 17. Qg5 Qe7 18. Nf6 Qxe5 19. Rfe1 h6 20. Qxh6+ Nxh6
21. Rxe5 d5 22. Bb3 Bb7 23. Rce1 Nf5 24. Nd7 Rfd8 25. Nc5 Rab8 26. g4 Nd4 27.
Kg2 Nxb3 28. axb3 d4 29. Re7 Ba8 30. Rxf7 d3 31. Ree7 Rd6 32. Rh7+ Kg8 33.
Reg7+ Kf8 34. Rd7 Rxd7 35. Rxd7 Ke8 36. Rxd3 Rb5 37. Kg3 Rxc5 0-1

[Event "XIX Weekend C"]
[Site "Ceriano Laghetto ITA"]
[Date "2010.03.??"]
[Round "1"]
[White "Bertuolo, Sergio"]
[Black "Lisimberti, Giuseppe"]
[Result "1-0"]
[WhiteElo "1559"]
[BlackElo "1413"]
[PlyCount "99"]
[EventDate "2010.03.26"]

1. e4 c5 2. Nf3 d6 3. d4 cxd4 4. Nxd4 Nc6 5. Be3 Nf6 6. Nc3 Qa5 7. Nb3 Qd8 8.
Be2 a6 9. a4 g6 10. O-O Bg7 11. f4 e6 12. Bf3 O-O 13. Nd2 Nd7 14. Nc4 d5 15.
exd5 exd5 16. Nxd5 Na5 17. Ndb6 Nxc4 18. Nxc4 Qc7 19. Nd6 Bxb2 20. Rb1 Qc3 21.
Bd2 Qa3 22. a5 Bd4+ 23. Kh1 Qxd6 24. Bb4 Bc5 25. Qxd6 Bxd6 26. Bxd6 Ra7 27.
Bxf8 Kxf8 28. Rfd1 Kg7 29. Rxd7 Bxd7 30. Rxb7 Rxb7 31. Bxb7 Bb5 32. Kg1 Kf6 33.
Kf2 Ke6 34. Ke3 Kd6 35. Kd4 f6 36. g3 h6 37. c4 Bc6 38. Bxa6 g5 39. Bb5 Ba8 40.
c5+ Kc7 41. h4 g4 42. a6 h5 43. Bd3 Bc6 44. Bg6 Bd7 45. Bxh5 Kb8 46. Kd5 Ka7
47. Kd6 Bc8 48. c6 Kxa6 49. Bg6 Kb6 50. h5 1-0

[Event "XIX Weekend C"]
[Site "Ceriano Laghetto ITA"]
[Date "2010.03.??"]
[Round "1"]
[White "Cervi, Massimiliano"]
[Black "Vuckovic, Dimitrije"]
[Result "0-1"]
[WhiteElo "1440"]
[BlackElo "1577"]
[PlyCount "116"]
[EventDate "2010.03.26"]

1. d4 Nf6 2. Nf3 g6 3. e3 Bg7 4. Bd3 O-O 5. O-O d6 6. e4 Nc6 7. c3 a6 8. Re1 e5
9. Be3 Ng4 10. d5 Nxe3 11. Rxe3 Ne7 12. c4 c6 13. Nc3 Bd7 14. a3 cxd5 15. Nxd5
Nc6 16. Bc2 Bg4 17. h3 Bxf3 18. Rxf3 Nd4 19. Rd3 Rc8 20. b3 b5 21. Ne3 Bh6 22.
Rc1 bxc4 23. bxc4 Qh4 24. Bb3 Qxe4 25. Rcc3 Rb8 26. Nd5 Bg7 27. Re3 Qh4 28. Bc2
Rb2 29. Re4 Qd8 30. Kf1 Qa5 31. Ree3 Rfb8 32. Nb4 Qb6 33. Qc1 Nxc2 34. Qxb2
Nxe3+ 35. Rxe3 a5 36. Rb3 Qd4 37. Qb1 axb4 38. Rxb4 Qxc4+ 39. Kg1 Rxb4 40. axb4
Qb5 41. Qb3 d5 42. Qa3 Bf8 43. Qa5 Qxb4 44. Qxd5 Qd4 45. Qxd4 exd4 46. Kf1 f5
47. Ke2 f4 48. Kd3 Bc5 49. f3 g5 50. Kc4 Ba7 51. Kd3 Kf7 52. Ke4 Ke6 53. Kd3
Kd5 54. Kd2 Kc4 55. Ke2 Kc3 56. Kd1 Kd3 57. Ke1 Kc2 58. Ke2 d3+ 0-1

[Event "XIX Weekend C"]
[Site "Ceriano Laghetto ITA"]
[Date "2010.03.??"]
[Round "1"]
[White "Molinelli, Luigi"]
[Black "Annoni, Tiziano"]
[Result "0-1"]
[WhiteElo "1113"]
[BlackElo "1473"]
[PlyCount "72"]
[EventDate "2010.03.26"]

1. d4 d5 2. c4 Nf6 3. Nc3 c6 4. e3 Bg4 5. Be2 Bxe2 6. Qxe2 e6 7. a3 Nbd7 8. Nf3
Be7 9. O-O Rc8 10. b4 Nb6 11. Nd2 O-O 12. c5 Nbd7 13. f4 b6 14. Bb2 bxc5 15.
dxc5 a5 16. Rac1 Rb8 17. Na2 axb4 18. axb4 Nxc5 19. Bc3 Nce4 20. Nxe4 Nxe4 21.
Be5 Bd6 22. Qb2 Bxe5 23. Qxe5 Qb6 24. Qd4 Qxd4 25. exd4 Rfc8 26. Rf3 Kf8 27. f5
exf5 28. Rxf5 Ke7 29. Rcf1 f6 30. R1f3 Rc7 31. Nc3 Nxc3 32. Rxc3 Rxb4 33. Rf4
Kd6 34. h4 Re7 35. Kh2 Re4 36. Rxe4 dxe4 0-1